Visualizzazione normale
Vista MARC
- Lee Brandon
di Personal Name
Records bibliografici associati: 1
001 - CONTROL NUMBER
- control field: 30062
003 - CONTROL NUMBER IDENTIFIER
- control field: IT-RoPau
005 - DATE AND TIME OF LATEST TRANSACTION
- control field: 20140617091454.0
008 - FIXED-LENGTH DATA ELEMENTS
- fixed length control field: 140617|| aca||aabn | a|a d
040 ## - CATALOGING SOURCE
- Original cataloging agency: IT-RoPau
- Transcribing agency: IT-RoPau
100 ## - HEADING--PERSONAL NAME
- Personal name: Lee Brandon
- Miscellaneous information: Codice interprete SPICS: 41913
- Relator term: Interprete
670 ## - SOURCE DATA FOUND
- Source citation: Work cat.: (IT-RoPau)98873: Lee Brandon 30058, Crow (The)